Konsolidované znenia Zmluvy o Európskej únii a Zmluvy o založení Európskeho spoločenstva
Salvato in:
| Natura: | Libro |
|---|---|
| Lingua: | slovacco |
| Pubblicazione: |
Luxemburg
Úrad pre vydávanie úradných publikácií Európskych spoločenstiev
2006
|
| Soggetti: | |
| Tags: |
Nessun Tag, puoi essere il primo ad aggiungerne!!
|
MARC
| LEADER | 00000nam$a2200000$$$4500 | ||
|---|---|---|---|
| 001 | 0067238 | ||
| 005 | 20240318125630.8 | ||
| 020 | |a 92-824-3205-X | ||
| 041 | 0 | |a slo | |
| 044 | |a LU | ||
| 245 | 1 | 0 | |a Konsolidované znenia Zmluvy o Európskej únii a Zmluvy o založení Európskeho spoločenstva |
| 264 | 1 | |a Luxemburg |b Úrad pre vydávanie úradných publikácií Európskych spoločenstiev |c 2006 | |
| 300 | |a 331 s. | ||
| 610 | 2 | 0 | |a Európska únia |
| 610 | 2 | 0 | |a Európske spoločenstvá |
| 610 | 2 | 0 | |a zmluvy zakladateľské |
| 610 | 2 | 0 | |a zmluvy medzinárodné |
| 610 | 2 | 0 | |a legislatíva |
| 610 | 2 | 0 | |a spolupráca medzinárodná |
| 610 | 2 | 0 | |a spolupráca hospodárska medzinárodná |
| 610 | 2 | 0 | |a Zmluva o Európskej únii |
| 610 | 2 | 0 | |a Zmluva o založení Európskeho spoločenstva |